| 000 | 01177nmm a2200337 a 4500 | ||
|---|---|---|---|
| 001 | ocm000602054 | ||
| 003 | TR-IsHL | ||
| 005 | 20201028132542.0 | ||
| 008 | 131030s2012 tu tur | ||
| 007 | cr cn | ||
| 020 | _a9786055614959 | ||
| 035 |
_a602054 _b(N$T) |
||
| 050 | 0 | 4 |
_aKKX4632 _b.C85 2012 |
| 090 | 0 | 4 |
_aKKX4632 _b.C85 2012 |
| 100 | 1 | _aÇulha, Rifat | |
| 245 | 1 | 0 |
_aSoruşturma evresinde görev yapan müdafi için CMK cep kitabı, 2. Bs. _h[electronic resource] / _cRifat Çulha ; Turgay Demirci, Feridun Yenisey |
| 260 |
_aAnkara : _bTürkiye Barolar Birliği, _c2012 |
||
| 300 | _a148 p. | ||
| 650 | 4 | _aHukuk | |
| 650 | 4 | _aLaw | |
| 650 | 0 | _aCeza Muhakemesi Kanunu (CMK) | |
| 650 | 0 | _aCode of Criminal Procedure | |
| 650 | 0 |
_aCeza muhakemesi hukuku _x Türkiye |
|
| 650 | 0 |
_aCriminal procedure law _x Turkey |
|
| 650 | 0 |
_aKanunlar, yasalar, yönetmelikler _x Türkiye |
|
| 650 | 0 |
_aLaws, legislation, regulations _x Turkey |
|
| 650 | 7 |
_aLAW / Criminal Procedure _2bisacsh |
|
| 700 | 1 | _aDemirci, Turgay | |
| 700 | 1 | _aYenisey, Feridun | |
| 856 | 4 | 0 | _uhttp://search.ebscohost.com/login.aspx?direct=true&scope=site&db=e011xww&AN=602054 |
| 999 |
_c5153 _d5153 |
||